classicisme - Statistiques

Statistiques générales
  • Ce quiz a été pris 17 fois
  • Le résultat moyen est 2 sur 14
Statistiques - réponses
Hint Réponse % Correct
molière
88%
année fin 17ème
38%
auteurs la fontaine
38%
désir de plaire
13%
principes imitations des anciens
13%
thèmes non mélange des genres
13%
ordre, mesure, simplicité
13%
respect des règles
13%
écrivain moralisateur
0%
éloquence religieuse
0%
fables
0%
procédés présence de tous les comiques
0%
roman d'analyse
0%
tragédies classique
0%
Aucun quiz correspondant
Distribution des résultats
% des personnes avec chaque résultat
Percentile par nombre de réponses
Votre historique - résultats
Vous n’avez pas pris ce quiz